1792 1219 1763 1862 1917 1480 1208 1155 1371 1001 1271 1907 1774 1342 1253 1683 1879 1866 1254 1095 1358 1279 1938 1988 1999 1288 1839 1943 1992 1569 1734 1290 1152 1253 1884 1578 1925 1809 1292 1171 1787 1561 1656 1238 1789 1892 1057 1133 1337 1617 1736 1462 1052 1522 1067 1636 1154 1479 1701 1456 1525 1011 1528 1793 1532 1085 1605 1928 1820 1001 1143 1741 1836 1106 1939 1026 1910 1045 1183 1303 1247 1982 1938 1509 1358 1644 1148 1799 1605 1521 1468 1006 1585 1816 1890 1483 1508 1989 1373 BCNSPRNW ULIB Ver.6.0+V

เปลี่ยนเป็นภาษาไทย

Change to English
 แสดงรายละเอียดบรรณานุกรม
  กลับหน้าหลัก

Brief Record : Get Marc (ISO 2709) : E-mail record : QR code < ปิดหน้าต่าง
LEADER : 00000nam 2200000uu 4500
001    13399112700
003     ULIB
008    110905s2551||||th 000 0 tha d
020    9789740322306
050  4 LB1025.3^bพ718ท 2551
100 0  พิมพันธ์ เดชะคุปต์
245 10 ทักษะ 5 C เพื่อการพัฒนาหน่วยการเรียนรู้และการจัดการการเรียนการสอนแบบบูรณาการ /^cโดยพิมพันธ์ เดชะคุปต์, พเยาว์ ยินดีสุข
250    พิมพ์ครั้งที่ 6 ฉบับปรับปรุง
260    กรุงเทพฯ :^bภาควิชาหลักสูตรการสอนและเทคโนโลยีการศึกษาคณะครุศาสตร์ จุฬาลงกรณ์มหาวิทยาลัย,^c2551
300    235 หน้า :^bภาพประกอบ,^c21 ซม.
650  4 การสอน
700 0  พเยาว์ ยินดีสุข
710 2  จุฬาลงกรณ์มหาวิทยาลัย. ^bคณะครุศาสตร์.^bภาควิชาหลักสูตรการสอนและเทคโนโลยีการศึกษา
945    ^p195^l0^i026095
945    ^p195^l0^i026096
945    ^p195^l0^i026097
995    ทศพร
999 ^a ทศพร
รายการนี้ยังไม่มีแท็ก
คุณยังไม่ได้ล็อกอิน คุณสามารถมีกิจกรรมร่วมกับเว็บไซต์ได้ แต่ต้องล็อกอินก่อน ::
  ล็อกอิน

รายการสื่อสารสนเทศ

ลำดับที่ ประเภท เลขเรียก/บาร์โค้ด สถานที่ สถานะ
- ไม่พบข้อมูล -

รายการใกล้เคียง
    ผู้แต่ง [พิมพันธ์ เดชะคุปต์]

    หัวเรื่อง [การสอน]

BibComment


ยังไม่เคยถูกคอมเมนท์

คอมเมนท์ทรัพยากรรายการนี้
  คอมเมนท์: ทักษะ 5 C เพื่อกา..


 Copyright 2026. Bcnsprnw @Library